Công tác thú y trong chăn nuôi lợn

Saved in:
Bibliographic Details
Main Author: Nguyễn, Ngọc Phục
Format: Book
Language:Undetermined
Published: Hà Nội Lao động Xã hội 2004
Subjects:
Tags: Add Tag
No Tags, Be the first to tag this record!
Institutions: Trung tâm Học liệu Trường Đại học Cần Thơ
LEADER 00551nam a2200193Ia 4500
001 CTU_74413
008 210402s9999 xx 000 0 und d
020 |c 10000 
082 |a 636.089 
082 |b Ph506 
100 |a Nguyễn, Ngọc Phục 
245 0 |a Công tác thú y trong chăn nuôi lợn 
245 0 |c Nguyễn Ngọc Phục 
260 |a Hà Nội 
260 |b Lao động Xã hội 
260 |c 2004 
650 |a Veterinary medicine 
904 |i Năm 
980 |a Trung tâm Học liệu Trường Đại học Cần Thơ